| 000 | 00624nam a22001697a 4500 | ||
|---|---|---|---|
| 003 | OSt | ||
| 005 | 20260407152212.0 | ||
| 008 | 260407b |||||||| |||| 00| 0 eng d | ||
| 040 | _cMRSPTU | ||
| 041 | _aEnglish | ||
| 100 | _aKirandeep Kaur, Supervisor: Dr. Kawaljit Singh Sandhu | ||
| 245 | _a Extraction, Characterization and Utilization of Osa-Modified Corn Starch for Formulation of Oil-Substituted Mayonnaise | ||
| 260 |
_bDepartment of Food Science & Technology, MRSPTU, Bathinda _c2025 |
||
| 650 | _aFood Science & Technology | ||
| 856 | _uhttp://163.47.215.52:8080/jspui/handle/123456789/925 | ||
| 942 |
_2ddc _cTH _n0 |
||
| 999 |
_c11351 _d11351 |
||